[Event "Guimaraes Open 2018"]
[Site "Guimaraes"]
[Date "2018.10.07"]
[Round "6"]
[White "Solodovnichenko, Yuri"]
[Black "Fedorchuk, Sergey A."]
[Result "1/2-1/2"]
[WhiteElo "2554"]
[BlackElo "2607"]
[Annotator "TA"]
[PlyCount "39"]
[EventDate "2018.10.04"]
[EventType "swiss"]
[EventCountry "POR"]
[SourceTitle "playchess.com"]
[Source "ChessBase"]
[SourceQuality "1"]

{[%evp 20,39,22,0,268,41,41,43,28,-81,-64,-66,-70,-66,-77,-64,0,0,0,-28,0,0]} 1. e4 e5 2. Nf3 Nc6 3. Bb5 {[%cal Bf1b5,Bb5a4,Ba4b3][%mdl 32]} a6 4. Ba4 Nf6 5. O-O b5 6. Bb3 Bb7 7. c3 Nxe4 8. d4 exd4 9. Re1 {C78: Ruy Lopez: Archangelsk and Möller Defences} d5 10. Ng5 Qf6 11. Nd2 {LiveBook: 3 Games} (11. Bxd5 Qxf2+ 12. Kh1 O-O-O 13. Nxe4 Qf5 14. Bb3 dxc3 15. Qf3 Qxf3 16. gxf3 Ne5 17. Nbxc3 {0-1 (40) Pruijssers,R (2514)-Praggnanandhaa,R (2529) Ortisei 2018}) 11... Qxf2+ 12. Kh1 O-O-O $1 (12... Ne5 $2 13. Ngxe4 dxe4 14. Nxe4 $18) 13. Ndxe4 dxe4 14. Rf1 (14. Nxf7 $11 {keeps the balance.} Bd6 15. Bg5) 14... Qh4 $17 15. g3 Qh6 16. Nxf7 Qh3 $146 {[#] Hoping for ...e3.} 17. Ng5 (17. Nxh8 $2 e3 $19) (17. Nxd8 $6 Nxd8 18. cxd4 e3+ 19. d5 Bc5 $15) 17... Qh6 18. Nf7 ({Avoid the trap} 18. Nxe4 $2 Qg6 $19) 18... Qh3 {Threatens to win with ...e3.} 19. Ng5 $1 {[%cal Rg5h3]} (19. Nxh8 $2 {too greedy.} e3 $19) 19... Qh6 20. Nf7 ({Don't go for} 20. Nxe4 $2 Qg6 $19) 1/2-1/2

[Event "Guimaraes Open 2018"]
[Site "Guimaraes"]
[Date "2018.10.07"]
[Round "6"]
[White "Huerga Leache, Mikel"]
[Black "Spraggett, Kevin Barry"]
[Result "1/2-1/2"]
[WhiteElo "2446"]
[BlackElo "2513"]
[Annotator "TA"]
[PlyCount "167"]
[EventDate "2018.10.04"]
[EventType "swiss"]
[EventCountry "POR"]
[SourceTitle "playchess.com"]
[Source "ChessBase"]
[SourceQuality "1"]

{[%evp 22,167,34,40,40,40,41,33,38,40,44,38,47,30,30,35,38,33,44,44,58,26,50,25,29,31,60,28,36,0,38,37,40,0,58,0,30,37,25,16,62,62,73,64,74,54,50,42,50,50,50,43,48,49,41,42,33,42,42,18,42,14,24,16,22,20,25,17,65,15,25,25,35,16,19,0,0,-15,-8,-64,0,0,0,0,0,0,0,0,0,0,0,0,0,0,0,0,0,0,0,0,0,0,0,0,0,0,0,0,0,0,0,0,0,0,0,0,0,0,0,0,0,0,0,0,0,0,0,0,0,0,0,0,0,0,0,0,0,0,0,0,0,0,0,0,0,0,0,0]} 1. d4 Nf6 2. Nf3 e6 3. Bf4 d5 4. e3 Bd6 5. Bg3 O-O 6. Nbd2 c5 7. c3 Nc6 8. Bb5 {D02: 1 d4 d5 2 Nf3 sidelines, including 2...Nf6 3 g3 and 2...Nf6 3 Bf4} Ne7 (8... Be7 9. Bd3 b6 10. O-O Bb7 11. h3 Bd6 12. Bh4 Be7 13. Qb1 h6 14. a3 Nh5 15. Bxe7 Qxe7 {½-½ (64) Carlsen,M (2837)-Wang,H (2709) Riadh 2017}) 9. Bd3 Nf5 10. Bxf5 exf5 11. Bxd6 Qxd6 12. dxc5 {LiveBook: 5 Games} Qxc5 13. O-O {[%cal Bh1f1,Bf1d1,Bd1d4][%mdl 32]} Re8 14. Qa4 Bd7 15. Qd4 {[#]} Qe7 $146 ({Predecessor:} 15... Qc7) 16. Nb3 b6 17. Qf4 g6 18. Rfd1 Rac8 19. Qh6 Qf8 20. Qxf8+ Kxf8 21. Rd4 Bc6 22. Rad1 h6 23. Rb4 Re7 24. Nfd4 Bd7 25. Rc1 Rce8 26. g3 g5 27. Ne2 Kg7 (27... Ng4 $11) 28. Ra1 (28. a4 $14) 28... Ne4 29. a4 {[%cal Ba2a4,Ba4a5][%mdl 32]} Nc5 30. Nbc1 Kf6 31. a5 b5 32. Rd4 Be6 33. Rd1 Rb7 34. Nd3 Nxd3 35. Rxd3 b4 36. cxb4 Rxb4 37. b3 Rc8 38. Nd4 f4 39. exf4 gxf4 40. Kg2 a6 41. Kf3 fxg3 42. hxg3 Bd7 43. Rh1 Kg6 44. Rh4 Re8 45. Rd1 h5 46. Kg2 Rb7 47. Rd2 Re4 48. Rxe4 dxe4 $11 {[%mdl 4096] Endgame KRB-KRN} 49. Ne2 Bg4 50. Rd6+ ({Better is} 50. Nd4 $11) 50... Kg7 ({Black should play} 50... Kf5 $1 $15 51. Rd5+ Kf6) 51. Nd4 {The position is equal.} Rc7 52. Rxa6 {[#] Black must now prevent Rc6.} Rd7 53. f3 exf3+ 54. Nxf3 Bxf3+ 55. Kxf3 {aiming for Rb6. KR-KR} Rd3+ 56. Kf4 {[#] And now Rb6 would win.} Rxb3 57. Rb6 Ra3 58. Ra6 Ra4+ 59. Kg5 Rg4+ 60. Kxh5 Rxg3 61. Rb6 Ra3 62. a6 Ra5+ 63. Kg4 Ra1 64. Kf5 Ra4 65. Ke5 Ra1 66. Kd5 Ra2 67. Kc6 Kf6 68. Kb7+ Ke5 69. a7 (69. Rb5+ {with more complications.} Ke4 70. Rb4+ Ke3 71. Rb6 f5 72. Rb3+) 69... Rxa7+ 70. Kxa7 {KR-KP} f5 71. Rb5+ Ke4 72. Rb4+ Ke3 73. Rb3+ Ke2 74. Rb2+ Ke3 75. Rb3+ Ke2 76. Kb6 {Kc5 would kill now.} f4 {[%cal Bf5f4,Bf4f3,Bf3f2][%mdl 32]} 77. Rb2+ Ke3 78. Rb3+ Ke2 79. Kc5 {White threatens Kd4 and mate.} f3 80. Rb2+ Ke3 81. Rb3+ Ke2 82. Kd4 {Threatening mate with Rb2+.} f2 83. Rb2+ Kf3 84. Rb3+ {Precision: White = 58%, Black = 62%.} 1/2-1/2

[Event "Guimaraes Open 2018"]
[Site "Guimaraes"]
[Date "2018.10.07"]
[Round "6"]
[White "Khamrakulov, Ibragim S."]
[Black "Campora Sivori, Daniel Hugo"]
[Result "1/2-1/2"]
[WhiteElo "2432"]
[BlackElo "2413"]
[Annotator "TA"]
[PlyCount "28"]
[EventDate "2018.10.04"]
[EventType "swiss"]
[EventCountry "POR"]
[SourceTitle "playchess.com"]
[Source "ChessBase"]
[SourceQuality "1"]

{[%evp 13,16,-14,0,0,21]} 1. e4 e5 2. Nf3 Nc6 3. Bc4 Bc5 4. O-O Nf6 5. d3 O-O 6. c3 d6 7. Be3 {C54: Giuoco Piano: 4 c3 Nf6, main lines with 5 d4 and 5 d3} (7. Re1 a6 8. a4 Ba7 9. h3 Kh8 10. d4 h6 11. dxe5 Nxe5 12. Nxe5 dxe5 13. Qxd8 Rxd8 14. Nd2 Kg8 15. Nf3 {½-½ (31) Anand,V (2771)-Aronian,L (2780) Batumi 2018}) 7... Bb6 {LiveBook: 8 Games} 8. Bb3 Be6 {Predecessor:} 9. Nbd2 $146 Qd7 10. Ba4 Qe7 11. Re1 Bxe3 12. Rxe3 Ng4 13. Re1 Nd8 14. h3 Nh6 {½-½ (60) Schroll,G (2397)-Freitag,M (2390) Tweng 2007} 1/2-1/2

[Event "Guimaraes Open 2018"]
[Site "Guimaraes"]
[Date "2018.10.07"]
[Round "6"]
[White "Martin Duque, Jesus"]
[Black "Fernandes, Ricardo Paulos"]
[Result "1-0"]
[WhiteElo "2354"]
[BlackElo "2098"]
[Annotator "ChessBase"]
[PlyCount "55"]
[EventDate "2018.10.04"]
[EventType "swiss"]
[EventCountry "POR"]
[SourceTitle "playchess.com"]
[Source "ChessBase"]
[SourceQuality "1"]
[TimeControl "5400+30"]

1. e4 {[%emt 0:00:26]} d6 {[%emt 0:00:00]} 2. d4 {[%emt 0:00:15]} Nf6 {[%emt 0:00:00]} 3. Nc3 {[%emt 0:00:04]} g6 {[%emt 0:00:00]} 4. Be3 {[%emt 0:00:11]} Bg7 {[%emt 0:00:00]} 5. Nf3 {[%emt 0:00:20]} Nbd7 {[%emt 0:00:47]} 6. Qd2 {[%emt 0:01:32]} Ng4 {[%emt 0:00:10]} 7. Bg5 {[%emt 0:00:30]} O-O {[%emt 0:02:18]} 8. h3 {[%emt 0:00:24]} Ngf6 {[%emt 0:00:07]} 9. O-O-O {[%emt 0:08:47]} c5 {[%emt 0:14:28]} 10. Bh6 {[%emt 0:00:27]} cxd4 {[%emt 0:00:08]} 11. Nxd4 {[%emt 0:00:03]} Nc5 {[%emt 0:00:35]} 12. f3 {[%emt 0:01:07]} a6 {[%emt 0:08:59]} 13. h4 {[%emt 0:00:57]} e5 {[%emt 0:14:57]} 14. Bxg7 {[%emt 0:02:41]} Kxg7 {[%emt 0:00:25]} 15. Nb3 {[%emt 0:00:04]} Nxb3+ {[%emt 0:00:13]} 16. axb3 {[%emt 0:00:58]} Ne8 {[%emt 0:00:20]} 17. h5 {[%emt 0:04:43]} g5 {[%emt 0:00:56]} 18. h6+ {[%emt 0:00:12]} Kh8 {[%emt 0:01:08]} 19. g3 {[%emt 0:01:18]} b5 {[%emt 0:03:02]} 20. f4 {[%emt 0:03:43]} f6 {[%emt 0:00:29]} 21. Be2 {[%emt 0:00:35]} Be6 {[%emt 0:02:17]} 22. Bh5 {[%emt 0:02:31]} Rc8 {[%emt 0:10:38]} 23. Kb1 {[%emt 0:08:48]} Rc6 {[%emt 0:07:02]} 24. Rhf1 {[%emt 0:00:14]} gxf4 {[%emt 0:00:44]} 25. gxf4 {[%emt 0:01:01]} Qc8 {[%emt 0:04:40]} 26. fxe5 {[%emt 0:08:40]} dxe5 {[%emt 0:00:01]} 27. Qd8 {[%emt 0:00:10]} Nc7 {[%emt 0:01:11]} 28. Qe7 {[%emt 0:01:59]} 1-0

[Event "Guimaraes Open 2018"]
[Site "Guimaraes"]
[Date "2018.10.07"]
[Round "6"]
[White "Pazos Porta, Antonio"]
[Black "Paasikangas-Tella, Johanna"]
[Result "1-0"]
[WhiteElo "2323"]
[BlackElo "2233"]
[Annotator "NA"]
[PlyCount "73"]
[EventDate "2018.10.04"]
[EventType "swiss"]
[EventCountry "POR"]
[SourceTitle "playchess.com"]
[Source "ChessBase"]
[SourceQuality "1"]
[TimeControl "5400+30"]

1. e4 {[%emt 0:06:22]} c5 {[%emt 0:00:00]} 2. Nc3 {[%emt 0:03:07]} d6 {[%emt 0:00:40]} 3. g3 {[%emt 0:00:58]} g6 {[%emt 0:00:48]} 4. Bg2 {[%emt 0:01:53]} Bg7 {[%emt 0:00:08]} 5. d3 {[%emt 0:00:30]} Nc6 {[%emt 0:01:22]} 6. Be3 {[%emt 0:00:40]} Nd4 {[%emt 0:07:28]} 7. Qd2 {[%emt 0:03:59]} Rb8 {[%emt 0:03:35] LiveBook: 20 Games} 8. Nd1 {[%emt 0:09:26]} Nf6 {[%emt 0:03:19] B26: Closed Sicilian: 3 g3, lines with early Be3} (8... e5 9. c3 Ne6 10. Ne2 Ne7 11. Bh6 O-O 12. Bxg7 Kxg7 13. d4 cxd4 14. cxd4 Qb6 15. d5 Nc5 16. b4 Qxb4 {0-1 (34) Norberg,J (2305)-Bator,R (2432) Sweden 2015}) 9. c3 {[%emt 0:16:09]} Nc6 {[%emt 0:00:29]} 10. h3 {[%emt 0:11:03]} h6 $146 {[%emt 0:04:11]} ({Predecessor:} 10... Qc7 11. Ne2 b5 12. O-O O-O 13. Rc1 Ne5 14. f4 Ned7 15. Nf2 Bb7 16. d4 {1-0 (50) Burchardt,B (2189)-Birkholz,O (2048) Drammen 2018}) 11. Ne2 {[%emt 0:07:39]} Bd7 {[%emt 0:07:07]} 12. O-O {[%emt 0:07:34]} Qc8 {[%emt 0:05:59]} 13. Kh2 {[%emt 0:01:33]} h5 {[%emt 0:08:20]} 14. f4 {[%emt 0:05:37]} Be6 {[%emt 0:10:40]} 15. Nf2 {[%emt 0:02:10]} O-O {[%emt 0:06:13]} 16. d4 {[%emt 0:03:50]} cxd4 {[%emt 0:00:28]} 17. cxd4 {[%emt 0:00:44]} d5 $16 {[%emt 0:00:50]} 18. e5 {[%emt 0:00:20]} Ne8 {[%emt 0:01:42]} 19. g4 {[%emt 0:05:44]} hxg4 {[%emt 0:00:59]} 20. hxg4 {[%emt 0:00:02]} Bxg4 {[%emt 0:00:45]} 21. Nxg4 {[%emt 0:00:22]} Qxg4 {[%emt 0:00:09]} 22. Bh3 {[%emt 0:02:34]} Qh4 {[%emt 0:01:26]} 23. f5 {[%emt 0:00:42]} gxf5 {[%emt 0:01:25]} 24. Rxf5 {[%emt 0:01:17]} e6 {[%emt 0:01:04]} 25. Rg5 {[%emt 0:02:17]} Qh7 {[%emt 0:02:47]} 26. Nf4 {[%emt 0:00:44]} Ne7 {[%emt 0:01:11]} 27. Rh5 {[%emt 0:00:20]} Bh6 {[%emt 0:04:02]} 28. Rxh6 {[%emt 0:02:17]} Qxh6 {[%emt 0:00:52]} 29. Nxd5 {[%emt 0:00:02]} Qh5 {[%emt 0:05:56]} 30. Nxe7+ {[%emt 0:00:28]} Kh7 {[%emt 0:01:43]} 31. Rg1 {[%emt 0:02:12]} f5 {[%emt 0:05:26]} 32. exf6 {[%emt 0:00:04]} Rxf6 {[%emt 0:01:41]} 33. Qc2+ {[%emt 0:00:32]} Rf5 {[%emt 0:00:52]} 34. Nxf5 {[%emt 0:00:21]} exf5 {[%emt 0:00:05]} 35. Qxf5+ {[%emt 0:00:36]} Qxf5 {[%emt 0:00:06]} 36. Bxf5+ {[%emt 0:00:07]} Kh8 {[%emt 0:00:03]} 37. Bf4 {[%emt 0:00:08]} 1-0

[Event "Guimaraes Open 2018"]
[Site "Guimaraes"]
[Date "2018.10.07"]
[Round "6"]
[White "Chueca Forcen, Alberto"]
[Black "Larino Nieto, David"]
[Result "0-1"]
[WhiteElo "2278"]
[BlackElo "2439"]
[Annotator "TA"]
[PlyCount "60"]
[EventDate "2018.10.04"]
[EventType "swiss"]
[EventCountry "POR"]
[SourceTitle "playchess.com"]
[Source "ChessBase"]
[SourceQuality "1"]

{[%evp 9,60,11,45,38,42,42,43,18,28,12,22,-2,37,-2,63,64,43,-37,164,27,41,13,36,-8,-7,-113,-111,-183,-185,-168,-178,-178,-191,-202,-206,-271,-171,-180,-184,-543,-529,-607,-618,-29991,-1491,-29992,-29993,-29993,-29994,-29994,-29995,-29998,-29999]} 1. d4 d6 2. Bf4 e6 3. Nf3 b6 4. e3 Bb7 5. Bd3 (5. h3 Nd7 6. Bh2 f5 7. c4 g6 8. Nc3 Bg7 9. Be2 Ngf6 10. a4 a5 11. Ng5 Ke7 12. Bf3 {1-0 (37) Kamsky,G (2680)-Bareev,E (2669) Las Vegas 2015}) 5... h6 6. h3 {A41: 1 d4 d6: Tartakower System and Modern Defence} g5 $146 ({Predecessor:} 6... Nd7 7. Nbd2 Ne7 8. Qe2 a6 9. a3 g6 10. e4 Bg7 11. c3 O-O 12. O-O {½-½ (58) Mueller,M (2265)-Scherer,M (2305) Birkenfeld 2013}) 7. Bg3 Nd7 8. Nc3 {White is slightly better.} a6 9. a4 {[%cal Ba2a4,Ba4a5][%mdl 32]} Bg7 10. Qe2 f5 11. O-O Qf6 (11... Ngf6 $11) 12. a5 $14 {axb6 is the strong threat.} b5 13. Bxb5 $1 Ne7 $2 (13... axb5 $15 {keeps the upper hand.} 14. Nxb5 Kd8) 14. Bxd7+ (14. Ba4 $18) 14... Kxd7 $11 15. Rfd1 Qg6 16. Na4 h5 17. h4 (17. Ra3 $11) 17... gxh4 $1 $17 18. Nxh4 (18. Bxh4 $17 Qg4 19. Bxe7 Kxe7 20. Nc3) 18... Qg4 $19 19. Qe1 {With the idea f3.} Bf6 {[%mdl 1024] Black has strong compensation.} 20. f3 {[#]} Qg5 $1 21. Kh2 Rag8 22. Rd2 Rh7 {[%cal Bh8h7,Bh7g7,Bg7g2,Bg2g1][%mdl 32]} 23. Nc3 Rhg7 $36 {[%mdl 2048] [#] Black is on the roll.} 24. Bf2 $2 (24. Be5 $1 {[%mdl 512] was the crucial defense.}) 24... Ng6 25. Kh3 {[#]} Bxd4 $1 {[%mdl 512] Hoping for ...Be5.} 26. exd4 {aiming for Nxg6.} (26. Rxd4 Nxh4) 26... Nf4+ 27. Kh2 {[#]} Qxg2+ $1 {[%mdl 512] Black mates.} 28. Nxg2 Rxg2+ 29. Kh1 Bxf3 {[%cal Rg2f2]} 30. Qe3 Rg1+ {Precision: White = 36%, Black = 68%.} 0-1

[Event "Guimaraes Open 2018"]
[Site "Guimaraes"]
[Date "2018.10.07"]
[Round "6"]
[White "Veiga, Jose Francisco Reis"]
[Black "Suarez Uriel, Adrian"]
[Result "1-0"]
[WhiteElo "2272"]
[BlackElo "2394"]
[Annotator "NA"]
[PlyCount "85"]
[EventDate "2018.10.04"]
[EventType "swiss"]
[EventCountry "POR"]
[SourceTitle "playchess.com"]
[Source "ChessBase"]
[SourceQuality "1"]
[TimeControl "5400+30"]

{[%evp 12,85,33,31,32767,32767,32767,32767,32767,14,25,2,32767,1,15,4,19,32767,61,66,71,54,74,75,78,51,32767,32767,32767,94,32767,32767,32767,32767,32767,128,135,135,171,162,153,138,162,173,32767,160,220,32767,32767,32767,32767,731,710,872,48,32767,32767,32767,32767,852,792,484,787,917,878,656,616,657,709,32767,32767,32767,32767,824,29992,29990]} 1. e4 {[%emt 0:00:00]} d6 {[%emt 0:01:19]} 2. d4 {[%emt 0:00:00]} Nf6 {[%emt 0:00:04]} 3. Nc3 {[%emt 0:00:00]} e5 {[%emt 0:00:03]} 4. Nf3 {[%emt 0:00:05]} Nbd7 {[%emt 0:00:03]} 5. Bc4 {[%emt 0:00:15]} Be7 {[%emt 0:00:03]} 6. O-O {[%emt 0:00:07]} O-O {[%emt 0:00:18]} 7. Re1 {[%emt 0:00:34]} c6 {[%emt 0:00:05]} 8. a4 {[%emt 0:00:13]} h6 {[%emt 0:00:10]} 9. b3 {[%emt 0:00:26] C41: Philidor Defence} (9. h3 Re8 10. Ba2 Qc7 11. Nh4 exd4 12. Qxd4 Nf8 13. Qd3 Be6 14. Bxe6 Nxe6 15. Nf5 Bf8 16. Qf3 Nd7 17. Be3 Ne5 {1-0 (59) Grischuk,A (2764)-Jobava,B (2711) Beijing 2012}) 9... Qc7 {[%emt 0:00:07]} 10. Bb2 {[%emt 0:00:22]} Re8 {[%emt 0:00:07]} 11. Qd2 {[%emt 0:01:53]} Nf8 {[%emt 0:00:36]} 12. h3 {[%emt 0:02:59]} Ng6 {[%emt 0:00:10]} 13. Rad1 {[%emt 0:06:38] LiveBook: 4 Games} Bf8 {[%emt 0:07:49]} 14. d5 {[%emt 0:02:20]} c5 $146 {[%emt 0:03:37]} (14... Rd8 $11) ({Predecessor:} 14... a6 15. Ra1 Nf4 16. a5 cxd5 17. Nxd5 N6xd5 18. exd5 {1-0 (47) Poetz,F (2427)-Ager,J (2151) Feistritz an der Drau 2014}) 15. Bb5 {[%emt 0:01:56]} Rd8 {[%emt 0:01:00]} 16. Bf1 {[%emt 0:00:17]} Nf4 {[%emt 0:00:08]} 17. Kh2 {[%emt 0:01:12]} Qd7 {[%emt 0:00:36]} 18. Bb5 {[%emt 0:00:29]} Qe7 {[%emt 0:01:33]} 19. Bf1 {[%emt 0:00:11]} g5 {[%emt 0:12:48]} 20. g3 {[%emt 0:03:04]} Ng6 {[%emt 0:00:35]} 21. Qe2 {[%emt 0:00:52]} Nh7 {[%emt 0:00:11]} 22. Nd2 {[%emt 0:01:04]} h5 {[%emt 0:02:16]} 23. Nc4 {[%emt 0:15:20]} g4 {[%emt 0:00:13]} 24. Ne3 {[%emt 0:01:18]} Qf6 {[%emt 0:09:23]} 25. hxg4 {[%emt 0:06:49]} hxg4 {[%emt 0:00:07] [#]} 26. Bg2 $1 {[%emt 0:07:21]} ({And not} 26. Nxg4 Bxg4 27. Qxg4 Qxf2+ 28. Bg2 Qxc2 $11) 26... Qg5 {[%emt 0:07:12] [#]} 27. Rh1 $1 {[%emt 0:01:46]} ({Resist} 27. Kg1 $6 Bd7 $16) 27... Nf4 {[%emt 0:01:25]} 28. gxf4 {[%emt 0:00:28]} exf4 {[%emt 0:00:01]} 29. Nxg4 {[%emt 0:01:29]} Bxg4 {[%emt 0:00:02]} 30. Bf3 {[%emt 0:00:23]} f5 {[%emt 0:04:06]} 31. Rdg1 {[%emt 0:02:38]} ({Less strong is} 31. Bxg4 fxg4 32. Kg1 Qg6 $14) 31... Nf6 {[%emt 0:04:13]} 32. exf5 {[%emt 0:00:07]} ({Not} 32. Kg2 Re8 $18) 32... Qh5+ {[%emt 0:03:44]} 33. Kg2 {[%emt 0:00:06]} Bxf3+ {[%emt 0:00:15]} 34. Kf1+ {[%emt 0:09:48]} Bg7 {[%emt 0:00:04]} 35. Qe6+ {[%emt 0:00:08]} Qf7 {[%emt 0:00:06] [#]} 36. Rh8+ $1 {[%emt 0:00:09]} Kxh8 {[%emt 0:00:08]} 37. Qxf7 {[%emt 0:00:07]} Rd7 {[%emt 0:00:05]} 38. Rxg7 {[%emt 0:00:57]} Rxf7 {[%emt 0:00:05]} 39. Rxf7 {[%emt 0:00:05]} Ng4 {[%emt 0:01:13]} 40. Ne4+ {[%emt 0:01:07]} Kg8 {[%emt 0:00:02]} 41. Rg7+ {[%emt 0:00:13]} Kf8 {[%emt 0:00:00]} 42. Ng5 {[%emt 0:00:27]} Ne5 {[%emt 0:01:30]} 43. Bxe5 {[%emt 0:00:09]} 1-0

[Event "Guimaraes Open 2018"]
[Site "Guimaraes"]
[Date "2018.10.07"]
[Round "6"]
[White "Frois, Antonio"]
[Black "Abella Vazquez, Cesar"]
[Result "1-0"]
[WhiteElo "2267"]
[BlackElo "2120"]
[Annotator "NA"]
[PlyCount "75"]
[EventDate "2018.10.04"]
[EventType "swiss"]
[EventCountry "POR"]
[SourceTitle "playchess.com"]
[Source "ChessBase"]
[SourceQuality "1"]
[TimeControl "5400+30"]

1. Nf3 e6 2. g3 Nf6 3. Bg2 d5 4. O-O Be7 5. d3 O-O 6. Nbd2 c5 7. e4 Nc6 8. Re1 b5 9. e5 Nd7 10. Nf1 a5 11. h4 b4 12. Bf4 a4 13. a3 bxa3 14. bxa3 {LiveBook: 46 Games} Rb8 15. N1h2 {C00: French: Unusual White 2nd moves} (15. Bh3 Bb7 16. N1h2 Re8 17. Ng5 Bxg5 18. hxg5 Ne7 19. Qh5 d4 20. Ng4 Nf5 21. Nf6+ gxf6 22. gxf6 Kh8 {0-1 (36) Haddouche,M (2505)-Van Wely,L (2654) Rabat 2014}) 15... Re8 16. h5 $146 ({Predecessor:} 16. Ng5 Bxg5 17. hxg5 Ne7 18. Qh5 Nf5 {1-0 (27) Omurbekova,D (1868)-Sotomayor Villatoro,S (1876) Baku 2016}) 16... Nd4 17. Nxd4 cxd4 18. Qg4 Kh8 19. h6 g6 20. Nf3 Qc7 21. Bg5 Bf8 (21... Bc5 $16) 22. Qf4 Kg8 23. Bh4 $11 f5 24. exf6 Qxf4 25. gxf4 Bxh6 26. Nxd4 Kf7 27. Nc6 Rb6 28. Ne5+ Nxe5 29. fxe5 Ba6 30. c4 dxc4 31. dxc4 Bxc4 32. Red1 Rf8 33. Rd7+ Kg8 34. Rad1 Bb5 35. Re7 Bf4 36. Bg3 Bh6 37. Bh3 Bc4 38. Rdd7 1-0

[Event "Guimaraes Open 2018"]
[Site "Guimaraes"]
[Date "2018.10.07"]
[Round "6"]
[White "Rego, Pedro Filipe Pinho"]
[Black "Oliveira, Maria Alice Ramos M"]
[Result "1-0"]
[WhiteElo "2251"]
[BlackElo "1545"]
[Annotator "NA"]
[PlyCount "103"]
[EventDate "2018.10.04"]
[EventType "swiss"]
[EventCountry "POR"]
[SourceTitle "playchess.com"]
[Source "ChessBase"]
[SourceQuality "1"]
[TimeControl "5400+30"]

1. e4 {[%emt 0:00:29]} c5 {[%emt 0:00:00]} 2. Nf3 {[%emt 0:00:18]} e6 {[%emt 0:00:00]} 3. b3 {[%emt 0:01:34]} Nc6 {[%emt 0:03:39]} 4. Bb2 {[%emt 0:00:07]} d6 {[%emt 0:01:24]} 5. Bb5 {[%emt 0:00:39]} Bd7 {[%emt 0:01:53]} 6. O-O {[%emt 0:00:17]} Nf6 {[%emt 0:01:15] LiveBook: 80 Games} 7. Re1 {[%emt 0:00:07]} Be7 {[%emt 0:02:09]} 8. d4 {[%emt 0:11:09]} cxd4 {[%emt 0:11:12]} 9. Nxd4 {[%emt 0:00:18]} Nxd4 {[%emt 0:02:09]} 10. Bxd7+ {[%emt 0:00:04]} Qxd7 {[%emt 0:00:31]} 11. Qxd4 {[%emt 0:00:31]} O-O {[%emt 0:01:03]} 12. c4 {[%emt 0:00:27]} Rfd8 {[%emt 0:02:45]} 13. Nc3 {[%emt 0:00:34]} Ne8 {[%emt 0:07:18]} 14. Rad1 {[%emt 0:00:23]} Qc6 {[%emt 0:01:30]} 15. Qd3 $146 {[%emt 0:22:07] B52: Sicilian: Moscow Variation with 3...Bd7} ({Predecessor:} 15. Qe3 Bf6 16. Qg3 Rd7 17. h3 a6 18. Qd3 Rad8 19. Re2 Nc7 20. a4 Bxc3 21. Qxc3 e5 22. f3 Ne6 {½-½ (91) Bernard,B (2316)-Korinek,O (2262) Czechia 2008}) 15... Bf6 {[%emt 0:05:05]} 16. Na4 {[%emt 0:05:07]} Bxb2 {[%emt 0:06:57]} 17. Nxb2 {[%emt 0:00:04]} Nc7 {[%emt 0:01:27]} 18. Re3 {[%emt 0:04:11]} d5 {[%emt 0:06:07]} 19. exd5 {[%emt 0:23:28]} exd5 {[%emt 0:00:08]} 20. Rh3 {[%emt 0:04:53]} h6 {[%emt 0:07:09]} 21. Qe2 {[%emt 0:04:34]} dxc4 {[%emt 0:04:12]} 22. Nxc4 $11 {[%emt 0:01:23]} Ne6 {[%emt 0:11:29]} 23. Rg3 {[%emt 0:06:56]} Nf4 {[%emt 0:09:29]} 24. Qg4 {[%emt 0:02:17]} Rxd1+ {[%emt 0:01:40]} 25. Qxd1 {[%emt 0:00:03]} Re8 {[%emt 0:00:40]} 26. Ne3 {[%emt 0:02:24]} Qf6 {[%emt 0:05:47]} 27. h3 {[%emt 0:02:58]} Qb2 {[%emt 0:04:51]} 28. Rg4 {[%emt 0:02:49]} Ng6 {[%emt 0:01:07]} 29. a4 {[%emt 0:01:10]} Rc8 {[%emt 0:00:23]} 30. Rc4 {[%emt 0:00:09]} Rxc4 {[%emt 0:00:29]} 31. Nxc4 {[%emt 0:00:05]} Qf6 {[%emt 0:00:19]} 32. Qd6 {[%emt 0:00:45]} Qf4 {[%emt 0:00:45]} 33. Qxf4 {[%emt 0:01:18]} Nxf4 {[%emt 0:00:04]} 34. Kf1 {[%emt 0:01:04]} Kf8 {[%emt 0:01:11]} 35. Nd6 {[%emt 0:00:08]} b6 {[%emt 0:00:32]} 36. Nc8 {[%emt 0:00:13]} Nd3 {[%emt 0:00:28]} 37. Nxa7 {[%emt 0:00:20]} Nc5 {[%emt 0:00:17]} 38. Nc8 {[%emt 0:00:12]} Nxb3 {[%emt 0:00:22]} 39. Nxb6 {[%emt 0:00:05]} Ke7 {[%emt 0:00:29]} 40. Ke2 {[%emt 0:00:07]} Kd6 41. Nc4+ {[%emt 0:00:43]} Kc5 {[%emt 0:00:51]} 42. Ne3 {[%emt 0:00:50]} Kb4 {[%emt 0:01:14]} 43. Nf5 {[%emt 0:00:13]} Kxa4 {[%emt 0:00:21]} 44. Nxg7 {[%emt 0:00:13]} Nd4+ {[%emt 0:00:31]} 45. Ke3 {[%emt 0:00:08]} Nc6 {[%emt 0:00:16]} 46. Ke4 {[%emt 0:00:27]} Kb5 {[%emt 0:00:23]} 47. Nf5 {[%emt 0:00:19]} h5 {[%emt 0:00:07]} 48. Ng7 {[%emt 0:00:09]} h4 {[%emt 0:00:36]} 49. Nf5 {[%emt 0:00:58]} Kc5 {[%emt 0:00:13]} 50. Nxh4 {[%emt 0:00:12]} Kd6 {[%emt 0:00:11]} 51. Nf5+ {[%emt 0:00:15]} Ke6 {[%emt 0:00:33]} 52. Nd4+ {[%emt 0:00:07] Kd5+} 1-0